Quizzes
Events
Quiz Creation
Community
Videos
Private Events
Remove Ads
Sign In
Join for FREE
Feedback
Dark Mode
Quiz Categories
Sports
Geography
Music
Movies
Television
Just For Fun
Miscellaneous
History
Literature
Language
Science
Gaming
Entertainment
Religion
Holiday
For Kids
Quiz Lab
Recent
Popular Today
Quiz Kudos Today
Editor Picks
Curator Picks
Quizzes by...
Day
Popularity
Type
Ratings
Length
Year
Community
Subscriptions
Recent Discussions
Orange Saloon
Badges
Playlists
Quests
Create
Leaderboards
Showdown
Live 5
Trivia Bingo
Activity
Puzzle Library
Sporcle Events
Private Events
Virtual Trivia
Globe League
Become a Host
Pub Owners
SporcleCon
Opinionation
Our Games
Videos
Blog
Mobile Apps
Partnerships
Remove Ads and Go Orange
Feedback
Just For Fun
Clickable
Get the Picture
Humor
Quick Pick
Word Ladder
Missing Word
Mixed Word
Blitz
Minefield
This or That
Alphabet
Color
Typing
Sporcle
Puzzle
Word Play
Follow That Line
Logic
Just For Fun
Clickable
Get the Picture
Humor
Quick Pick
Word Ladder
Missing Word
Mixed Word
Blitz
Minefield
This or That
Alphabet
Color
Typing
Sporcle
Puzzle
Word Play
Follow That Line
Logic
Random Quiz
Search Sporcle
×
Curator Pick
Curator Pick
Just For Fun
Clickable
Select answers by clicking on text or image buttons
Select answers by clicking on text or image buttons
Clickable
Best Score? Go Orange.
Click the 8s! (Blitz) Stats
In 30 seconds, can you click every single digit 8 and avoid the decoys?
By
samc67
30s
28 Questions
2,225 Plays
2,225 Plays
2,225 Plays
Comments
Comments
Give Quiz Kudos
Give Quiz Kudos
-
- Ratings
hide this ad
More Info
Minefield
Wrong answers will end the quiz
Wrong answers will end the quiz
Random Order
Randomize order of answers
Randomize order of answers
Replay
Link that replays current quiz
Next Quiz
Link to next quiz in quiz playlist
You Got
0%
They Got
Avg Score
85%
Avg Friend Score
Upgrade to see
Score Distribution
Jump to the score distribution portion of the page
Score
0/28
Timer
00:30
0
Plays Today
% Correct
???
86.6%
???
86.1%
???
86%
???
85.9%
???
85.9%
???
85.8%
???
85.7%
???
85.7%
???
85.6%
???
85.6%
???
85.5%
???
85.4%
???
85.3%
???
85.3%
% Correct
???
85.3%
???
85.2%
???
85.2%
???
85.2%
???
85.1%
???
85.1%
???
85%
???
84.9%
???
84.6%
???
84.4%
???
84.3%
???
84.3%
???
84.1%
???
84%
Quiz Playlist
Details
Report
Send in Message
Add To Playlist
More Info:
The single numeral 8 is the only accepted answer. No other spellings or variants.
Clickable:
Select answers by clicking on text or image buttons
Minefield:
Wrong answers will end the quiz
Random Order:
Randomize order of answers
Last Updated: Sep 10, 2017
Curator Pick in
Minefield
Quiz Scoreboard
CHALLENGE
Sign Up to Join the Scoreboard
Show All
Scores
Hide
Comments
May contain spoilers
Recently Published
Alphabetical 'K' Countries by Flag Minefield
by ylime102
Geography
3m
Pick 6: Fruits
by JohnFran
Miscellaneous
15s
Click the 1999 NBA Draft
by nibperrychub
Sports
2m
More to Explore
Quiz From the Vault
Featured Blog Post
15 Basketball Trivia Facts You Can Be March Mad About
hide this ad
You Might Also Like...
Tags
Blitz Quiz
Clickable Quiz
Minefield Quiz
30 Seconds
Big Eight
eight
Elite Eight
fast
Speed
Today's Top Quizzes in Just For Fun
Browse Just For Fun
hide this ad
Today's Top Quizzes in Clickable
Browse Clickable
Top Contributed Quizzes in Just For Fun
1
Just Another 1-25 Logic Puzzle
2
Seasons
3
Quick Pick: Spring Things
4
Pick 6: Letters
5
Pick 6: Foods
6
Pick 6: Colors
7
one piece logic puzzle
8
Crossword Whiteout! 41
9
Four Seasons
10
CrossWordLadder XXIII
Explore More
Trending Topics
Harry Potter
Anime
Disney
Kpop
NBA
Crossword
Marvel
The Office
NFL
WWE
Pokémon
Soccer
Country
Puzzle
Song
hide this ad
More By:
samc67
Quiz
Plays
Rating
Category
Featured
Created
Sports 7-to-1
429,667
4.53
Sports
Aug 18, 2016
Male TV Characters 7-to-1
354,178
4.53
Television
Jun 29, 2016
Movie Franchises 7-to-1
271,352
4.65
Movies
Aug 30, 2016
Just For Fun 7-to-1
266,392
4.33
Just For Fun
Aug 15, 2016
Famous Females 7-to-1
249,393
4.53
History
Jun 28, 2016
Go to Creator's Profile
Score Distribution
Quiz Creator Spotlight
samc67
Follow
Send a Message
Quizzes Created
-
Created Quiz Play Count
-
More By This Creator
Popular Quizzes Today
1
Find the US States - No Outlines Minefield
2
Countries of Asia Without Outlines Minefield
3
Pick 6: Fruits
4
Alphabetical 'K' Countries by Flag Minefield
5
The Countries of the World
6
Click the 1999 NBA Draft
7
Find the US States
8
Match the Book to the Film X
More Just For Fun Quizzes
Dan's Classic Triple Trees 18 (Easy)
Quiz Lab
Trending Quizzes
Pick 6: Harry Potter
Pick 6: Golfers
Pick 6: Movie Franchises
Pick 6: Foods
Pick 6: Landmarks
Recently Updated
Women's Final Four Teams by Year
bhenderson79
Presidents Quartet II
eogle
Anything But Clue(do)
eogle
Anything But Oceanian Capitals
eogle
Anything But 7
eogle
Anything But Thing
eogle
Word Ladder: February 29
pecheneg
Song Title Questions
pecheneg
Women's NCAA Tournament #1 Seeds
pecheneg
Celebrity Mug Shots
pecheneg
Trending Topics
Crossword
Marvel
Disney
Harry Potter
Kpop
NBA
Anime
The Office
Country
Soccer
Pokémon
Song
WWE
Puzzle
NFL
Your Account Isn't Verified!
In order to create a playlist on Sporcle, you need to verify the email address you used during registration. Go to your
Sporcle Settings
to finish the process.
Report this User
Report this user for behavior that violates our
Community Guidelines
.
Details:
Send Report
Go to the Sporcle.com Mobile Site →
Comments